|
|
|
|
| LEADER |
00757nam a22002172a 4500 |
| 001 |
000041049 |
| 003 |
CZ BrMZK |
| 005 |
19951201143423.0 |
| 008 |
951201s1991 xo f cze d |
| 040 |
|
|
|a BOA001
|b cze
|
| 080 |
|
|
|a 37(437.1)"16":929 Komenský, Jan Amos
|2 MRF
|
| 100 |
1 |
|
|a Zahradník, Vladimír,
|c komeniolog
|
| 245 |
1 |
0 |
|a Životopis Jana Amose Komenského /
|c Vladimír Zahradník, Josef Oborný
|
| 250 |
|
|
|a 1.vyd.
|
| 260 |
|
|
|a Bratislava :
|b Vysoká vojenská pedagogická škola,
|c 1991
|
| 300 |
|
|
|a 46 s.
|
| 700 |
1 |
|
|a Oborný, Josef,
|c komeniolog
|
| 910 |
|
|
|a BOA001
|b PK-0121.872
|
| 964 |
|
|
|a Komenský, Jan Amos - životopisy
|
| 990 |
|
|
|a BK
|
| 996 |
7 |
|
|b 3119989004
|c PK-0121.872
|l MZK
|r Sklad / do 1 hodiny
|n 15
|w 000041049
|u 000010
|a 1
|e BOA001
|j MZK50
|s A
|